| 000 | 00632cam a22002293a 4500 | ||
|---|---|---|---|
| 001 | 14059 | ||
| 003 | PGUSA | ||
| 005 | 20140828083312.0 | ||
| 008 | 041116s2004||||xxu|||||s|||||000 1 eng d | ||
| 040 |
_aPGUSA _beng |
||
| 042 | _adc | ||
| 050 | 4 | _aPQ | |
| 100 | 1 |
_aDick, Vinceslas-Eugène, _d1848-1919 |
|
| 245 | 1 | 0 |
_aLe Roi des Étudiants _h[electronic resource] / _cVinceslas-Eugène Dick |
| 260 |
_bProject Gutenberg, _c2004 |
||
| 506 | _aPublic domain in the USA. | ||
| 516 | _aElectronic text | ||
| 653 | _aFiction | ||
| 830 | 0 |
_aProject Gutenberg _v14059 |
|
| 856 | 4 | 0 | _uhttp://www.gutenberg.org/ebooks/14059 |
| 942 | _cEB | ||
| 999 |
_c243314 _d243314 |
||